000 00586cam a22002411 4500
001 sa 65000200
003 DLC
005 20260227112101.0
008 890717s1959 bg 000 0 beno
010 _asa 65000200
035 _a(OCoLC)20023954
040 _aDLC
_cWaU
_dDLC
042 _apremarc
050 0 0 _aPK1714
_b.K4
100 1 _aKhan, Abdur Rashid,
_d1927-
245 1 0 _aPremera kabitā.
260 _c[1959]
300 _a5, 182, 4 p.
_c22 cm.
500 _aIn Bengali.
500 _aPoems.
650 0 _aLove poetry, Bengali.
700 1 _aMamun, Mohammad,
_d1927-
999 _c61427
_d61427